1533 1737 1703 1794 1471 1724 1709 1225 1273 1677 1514 1029 1663 1080 1815 1170 1607 1588 1913 1310 1803 1853 1445 1506 1394 1951 1872 1611 1757 1218 1465 1918 1296 1382 1886 1592 1725 1200 1523 1890 1890 1827 1822 1295 1129 1148 1902 1667 1571 1406 1740 1146 1444 1636 1053 1885 1366 1704 1149 1766 1512 1873 1981 1611 1588 1007 1015 1794 1501 1427 1956 1497 1023 1510 1200 1450 1190 1127 1863 1722 1756 1778 1884 1231 1000 1938 1970 1278 1637 1164 1063 1550 1939 1424 1415 1250 1875 1942 1599 BCNSPRNW ULIB Ver.6.0+V

เปลี่ยนเป็นภาษาไทย

Change to English
 แสดงรายละเอียดบรรณานุกรม
  กลับหน้าหลัก

Brief Record : Get Marc (ISO 2709) : E-mail record : QR code < ปิดหน้าต่าง
LEADER : 00000nam 2200000uu 4500
001    13399113838
003     ULIB
008    120110s||||||||th 000 0 tha d
099    วจ.HD62.7^bน196พ
100 0  นภาดล สีหพันธุ์
245 00 พฤติกรรมการปฏิบัติงานบนพื้นฐานหลักธรรมาภิบาลของบุคลากรวิทยาลัยพยาบาลบรมราชชนนี พุทธชินราช/^cนภาดล สีหพันธุ์ ,ศิริรัชส์ อินสุข และ สุทธามาศ อนุธาตุ
260    พิษณุโลก :^bวิทยาลัยพยาบาลบรมราชชนนี พุทธชินราช,^c2553
300    106 หน้า :^bตาราง
500    รายงานการวิจัย
650  7 หลักธรรมาภิบาล^xวิจัย
650  7 พฤติกรรมการปฏิบัติงาน^xวิจัย
700 02 ศิริรัชส์ อินสุข
700 02 สุทธามาศ อนุธาตุ
710 1  วิทยาลัยพยาบาลบรมราชชนนี พุทธชินราช
945    ^p0^l0^i030908
945    ^p0^l0^i029213
995    ทศพร
999 ^a ทศพร
รายการนี้ยังไม่มีแท็ก
คุณยังไม่ได้ล็อกอิน คุณสามารถมีกิจกรรมร่วมกับเว็บไซต์ได้ แต่ต้องล็อกอินก่อน ::
  ล็อกอิน

รายการสื่อสารสนเทศ

ลำดับที่ ประเภท เลขเรียก/บาร์โค้ด สถานที่ สถานะ
1. งานวิจัย
งานวิจัย
วจ.HD62.7 น196พ ฉ.1 
  Barcode: 030908
ห้องสมุดวิทยาเขตสวรรค์ประชารักษ์
►วิจัย
บนชั้น
2. งานวิจัย
งานวิจัย
วจ.HD62.7 น196พ ฉ.2 
  Barcode: 029213
ห้องสมุดวิทยาเขตสวรรค์ประชารักษ์
►วิจัย
บนชั้น

รายการใกล้เคียง
    ผู้แต่ง [นภาดล สีหพันธุ์]

BibComment


ยังไม่เคยถูกคอมเมนท์

คอมเมนท์ทรัพยากรรายการนี้
  คอมเมนท์: พฤติกรรมการปฏิบัต..


 Copyright 2026. Bcnsprnw @Library